000
00320nam a22001457a 4500
008
230622b ||||| |||| 00| 0 eng d
020
_a
9780761967590
041
_a
eng
080
_a
004
082
_a
004BLA
100
_a
18
101
_a
SHKI
245
_a
ANALYZING QUANTITATIVE DATA
_c
BLAIKIE.N
942
_2
udc
_c
BK
999
_c
60028
_d
60028